000 00449nam a2200169Ia 4500
003 LK-CoDNM
008 010623t1888 xxu||||| |||| 00| 1 sin d
040 _aLK-CoDNM
_dLK-CoDNM
_eLK-CoDNM
041 _asin
080 _a104 W.34
245 _aළමයින්ට පහන
246 _aThe children's lamp
260 _bChristian Vernacular Education Society
_aColombo
_c1888
300 _b10p., 13 cm
500 _aFirst Series
942 _cBK
999 _c82990
_d82990